Consumo de sustancias psicoactivas como estrategia de afrontamiento en mujeres trabajadoras sexuales de la Asociación la Sala, Costa Rica /
Guardat en:
| Autor principal: | |
|---|---|
| Altres autors: | , |
| Format: | Llibre |
| Idioma: | Spanish |
| Etiquetes: |
Afegir etiqueta
Sense etiquetes, Sigues el primer a etiquetar aquest registre!
|
MARC
| LEADER | 00000nam a22000007a 4500 | ||
|---|---|---|---|
| 003 | cru IIS | ||
| 005 | 20220804101110.0 | ||
| 007 | ta | ||
| 008 | 220804s2020 cr |||p|r|||| 00| 0 spa d | ||
| 040 | |c cru IIS | ||
| 100 | 1 | |9 10651 |a Blanco Álvarez, Tatiana María |e Autora | |
| 245 | 1 | |a Consumo de sustancias psicoactivas como estrategia de afrontamiento en mujeres trabajadoras sexuales de la Asociación la Sala, Costa Rica / |c Tatiana María Blanco Álvarez, Kiara Corea Torres, Óscar Rodríguez Valerio | |
| 300 | |a páginas 145-166: |b tablas | ||
| 500 | |a Colección Centroamérica | ||
| 700 | 1 | |9 10652 |a Corea Torres, Kiara |e Autora | |
| 700 | 1 | |9 10653 |a Rodríguez Valerio, Óscar |e Autor | |
| 773 | 0 | |0 18728 |9 7625 |a Universidad de Costa Rica. |d San José, Costa Rica Editorial UCR 1959- |o 23634 |t Revista de Ciencias Sociales/ |x 04825276 | |
| 942 | |2 ddc |c PP | ||
| 999 | |c 44461 |d 44461 | ||
